Ideologias geográficas: espaco, cultura e política no Brasil

Kaydedildi:
Detaylı Bibliyografya
Yazar: Moraes, Antonio Carlos Robert (autor)
Materyal Türü: Kitap
Dil:Portekizce
Baskı/Yayın Bilgisi: Sao Paulo AnnaBlume Editora 2005
Edisyon:5a. ed
Konular:
Etiketler: Etiketle
Etiket eklenmemiş, İlk siz ekleyin!

MARC

LEADER 00000cam a2200000 a 4500
001 UCC4915
003 CL-VaPUC
008 180907e20050000bl |||||||||||||||||por|d
020 |a 8574195229 
082 0 4 |a 910.01  |b MOR  |2 21 
100 |a Moraes, Antonio Carlos Robert  |e autor  |9 599145 
245 1 0 |a Ideologias geográficas: espaco, cultura e política no Brasil 
250 |a 5a. ed 
300 |a 158 p 
942 |c BK 
945 |d 20180907 13:03:00  |a dcastane 
260 |a Sao Paulo  |b AnnaBlume Editora  |c 2005 
650 0 |a Geografía política  |9 268296 
650 7 |a ESPACIO PUBLICO  |2 CL-VaPUC  |9 561533 
650 0 |a Ideologías  |9 255200 
650 0 |a Geografía humana  |9 267193 
583 |a last modification  |c 20180907 13:03:00  |k Rodrigo Vera 
999 |c 372296  |d 372294 
952 |0 0  |1 0  |3 erb  |4 0  |6 910_010000000000000_MOR_2005  |7 0  |8 A  |9 489859  |a BIBING  |b BIBING  |i 5493889  |o 910.01 MOR 2005  |p 5493889  |r 2025-01-20  |w 2019-11-24  |y BK  |z Catalogado en:20180907  |k GEO